Culture Générale - Série 98 - Statistiques

Statistiques générales
  • Ce quiz a été pris 503 fois
  • Le résultat moyen est 6 sur 10
Statistiques - réponses
Question Réponse % Correct
Au volley, combien de touches a une équipe pour renvoyer le ballon ? 3
88%
Quel personnage mythologique tombe amoureux de son reflet dans l'eau ? Narcisse
87%
A quelle occasion les joueurs de football forment-ils un mur ? Coup franc
85%
Quel pays fut présidé par Salvador Allende entre 1970 et 1973 ? Chili
77%
Quel animal domestique est le briard ? Chien
76%
Quelle ville des Vosges est célèbre pour ses images ? Epinal
67%
Quelle est la capitale de la Jordanie ? Amman
57%
De qui "le Cid" est-il amoureux ? Chimène
37%
Quels "jeux" ont rendu célèbre Narciso Yepes ? Jeux interdits
24%
Quel est le prénom de Ben Hur ? Judas
15%
Aucun quiz correspondant
Distribution des résultats
% des personnes avec chaque résultat
Percentile par nombre de réponses
Votre historique - résultats
Vous n’avez pas pris ce quiz